Logo BPK

Biblioteka

Politechniki Koszalińskiej

Vademecum - źródła informacji o Unii Europejskiej / (Rekord nr 52629)

Szczegóły MARC
000 -ETYKIETA REKORDU
podpole kontrolne o stałej długości 00990nam a2200265 i 4500
001 - NUMER KONTROLNY REKORDU
pole kontrolne bg
020 ## - MIĘDZYNARODOWY ZNORMALIZOWANY NUMER KSIĄŻKI - ISBN
ISBN 8389972190
040 ## - ŹRÓDŁO KATALOGOWANIA
Instytucja, która utworzyła rekord BPK
041 0# - KOD JĘZYKA
Kod języka tekstu pol
080 ## - UNIWERSALNA KLASYFIKACJA DZIESIĘTNA - UKD
UKD 339.923:061.1A/Z](4-67)(058):002
920 ## - Międzynarodowy znormalizowany numer książki – ISBN
ISBN 83-89972-19-0
008 - POLE O STAŁEJ DŁUGOŚCI - DANE KONTROLNE
podpole kontrolne o stałej długości s pl f |000 0 pol
245 00 - TYTUŁ/ODPOWIEDZIALNOŚĆ
Tytuł Vademecum - źródła informacji o Unii Europejskiej /
Pozostałe elementy strefy tytułu i oznaczenia odpowiedzialności [koordynacja i oprac. Anna Kierzkowska, Elżbieta Ławor] ; Biblioteka Depozytowa Wspólnot Europejskich. Urząd Komitetu Integracji Europejskiej.
250 ## - STREFA WYDANIA
Oznaczenie wydania Wyd. 3.
260 ## - STREFA ADRESU WYDAWNICZEGO
Miejsce wydania Warszawa :
Nazwa wydawcy/dystrybutora UKIE. Departament Analiz Ekonomicznych i Spoecznych,
Data publikacji, dystrybucji/powstania dokumentu 2004.
300 ## - STREFA OPISU FIZYCZNEGO
Objętość 479 s. ;
Rozmiary 12 cm.
500 ## - UWAGI OGÓLNE
Tekst uwagi 15 poz. wydawnicza.
610 29 - HASŁO PRZEDMIOTOWE W FORMIE NAZWY CIAŁA ZBIOROWEGO
Nazwa ciała zbiorowego lub nazwa geograficzna Unia Europejska
Określnik ogólny strony WWW
650 #9 - HASŁO PRZEDMIOTOWE W FORMIE NAZWY OGÓLNEJ LUB JEDNOSTKOWEJ
Nazwa ogólna lub geograficzna Źródła informacji
655 ## - TERMIN INDEKSOWY - OKREŚLENIE RODZAJU/FORMY DOKUMENTU
Określenie rodzaju/formy dokumentu Informatory
700 1# - HASŁO DODATKOWE - NAZWA OSOBOWA
Nazwa osobowa KIERZKOWSKA, Anna.
Określenie związku między hasłem a opisywanym materiałem op.
700 1# - HASŁO DODATKOWE - NAZWA OSOBOWA
Nazwa osobowa ŁAWOR, Elżbieta.
Określenie związku między hasłem a opisywanym materiałem Oprac.
710 ## - HASŁO DODATKOWE - NAZWA CIAŁA ZBIOROWEGO
Nazwa ciała zbiorowego lub jednostki geograficznej Polska
Nazwa jednostki podrzędnej Urząd Komitetu Integracji Europejskiej
-- Biblioteka Depozytowa Wspólnot Europejskich
856 ## - LOKALIZACJA I DOSTĘP DO ELEKTRONICZNYCH DOKUMENTÓW ZDALNYCH
Link (URL) http://koha.tu.koszalin.pl/cgi-bin/koha/opac-detail.pl?biblionumber=52629
Tekst linku Katalog online BPK
942 ## - DODATKOWE ELEMENTY (KOHA)
Typ dokumentu Książka
Egzemplarze
Wycofany Status egzemplarza Uszkodzony Dostępność Lokalizacja stała Lokalizacja bieżąca Miejsce przechowywania Sygnatura Kod kreskowy Typ dokumentu
      Tylko na miejscu Biblioteka Politechniki Koszalińskiej Biblioteka Politechniki Koszalińskiej Czytelnia Wydziałowa ul. Kwiatkowskiego 6e 81260 02347165 Książka
© 2023 Biblioteka Politechniki Koszalińskiej :: KOHA